[Event "DEM U10 2021"]
[Site "Willingen GER"]
[Date "2021.08.24"]
[Round "3"]
[White "Seth, Aakrit"]
[Black "Senel, Serdar"]
[Result "1-0"]
[Termination "normal"]
[Board "18"]
[WhiteElo "1330"]
[BlackElo "1179"]
[WhiteClock "00:26:18"]
[BlackClock "00:53:25"]
[PlyCount "79"]
[WhiteFideId "34604812"]
[BlackFideId "34608796"]
[EventCountry "GER"]
[EventRounds "11"]
[EventType "swiss"]
[EventDate "2021.08.22"]

1. e4 {[%clk 01:15:31]} {[%emt 00:00:28]} e5 {[%clk 01:15:50]} {[%emt
00:00:09]} 2. Nf3 {[%clk 01:15:33]} {[%emt 00:00:29]} Nc6 {[%clk 01:16:01]}
{[%emt 00:00:19]} 3. Bc4 {[%clk 01:15:39]} {[%emt 00:00:24]} Bc5 {[%clk
01:16:12]} {[%emt 00:00:19]} 4. Nc3 {[%clk 01:15:24]} {[%emt 00:00:44]} d6
{[%clk 01:16:21]} {[%emt 00:00:22]} 5. h3 {[%clk 01:15:20]} {[%emt 00:00:35]}
Nf6 {[%clk 01:15:31]} {[%emt 00:01:20]} 6. d3 {[%clk 01:15:27]} {[%emt
00:00:21]} h6 {[%clk 01:15:51]} {[%emt 00:00:11]} 7. O-O {[%clk 01:15:43]}
{[%emt 00:00:12]} O-O {[%clk 01:15:24]} {[%emt 00:00:59]} 8. Na4 {[%clk
01:13:18]} {[%emt 00:02:54]} Bb6 {[%clk 01:14:27]} {[%emt 00:01:28]} 9. Nxb6
{[%clk 01:12:44]} {[%emt 00:01:04]} axb6 {[%clk 01:14:20]} {[%emt 00:00:37]}
10. a3 {[%clk 01:12:31]} {[%emt 00:00:43]} Be6 {[%clk 01:14:36]} {[%emt
00:00:14]} 11. Bxe6 {[%clk 01:10:03]} {[%emt 00:02:58]} fxe6 {[%clk 01:14:35]}
{[%emt 00:00:31]} 12. Bd2 {[%clk 01:07:20]} {[%emt 00:03:13]} Nh7 {[%clk
01:14:23]} {[%emt 00:00:42]} 13. c3 {[%clk 01:05:52]} {[%emt 00:01:57]} Rf7
{[%clk 01:11:06]} {[%emt 00:03:48]} 14. Qb3 {[%clk 01:03:08]} {[%emt 00:03:05]}
Qe7 {[%clk 01:10:03]} {[%emt 00:01:43]} 15. d4 {[%clk 01:00:57]} {[%emt
00:02:39]} Rxf3 {[%clk 01:08:41]} {[%emt 00:01:52]} 16. gxf3 {[%clk 01:00:43]}
{[%emt 00:00:43]} exd4 {[%clk 01:07:55]} {[%emt 00:01:16]} 17. c4 {[%clk
00:56:08]} {[%emt 00:05:05]} Ng5 {[%clk 01:07:10]} {[%emt 00:01:16]} 18. Kh2
{[%clk 00:50:23]} {[%emt 00:06:14]} Ne5 {[%clk 01:05:10]} {[%emt 00:02:32]} 19.
Bxg5 {[%clk 00:50:41]} {[%emt 00:00:12]} Qxg5 {[%clk 01:04:00]} {[%emt
00:01:18]} 20. Rg1 {[%clk 00:50:53]} {[%emt 00:00:39]} Qf4+ {[%clk 01:03:12]}
{[%emt 00:01:18]} 21. Rg3 {[%clk 00:51:06]} {[%emt 00:00:18]} Rf8 {[%clk
01:03:09]} {[%emt 00:00:32]} 22. Kg2 {[%clk 00:49:59]} {[%emt 00:01:29]} d3
{[%clk 01:02:54]} {[%emt 00:00:53]} 23. Qd1 {[%clk 00:50:03]} {[%emt 00:00:23]}
d2 {[%clk 01:01:54]} {[%emt 00:01:33]} 24. b3 {[%clk 00:49:01]} {[%emt
00:01:27]} g5 {[%clk 01:00:05]} {[%emt 00:02:24]} 25. Ra2 {[%emt 00:01:51]} h5
{[%clk 01:00:18]} 26. Qxd2 {[%clk 00:47:43]} {[%emt 00:00:44]} Kh7 {[%clk
00:58:11]} {[%emt 00:02:36]} 27. Qxf4 {[%clk 00:46:28]} {[%emt 00:01:45]} gxf4
{[%clk 00:58:23]} {[%emt 00:00:18]} 28. Rg5 {[%clk 00:46:24]} {[%emt 00:00:29]}
Kh6 {[%clk 00:58:24]} {[%emt 00:00:35]} 29. h4 {[%clk 00:46:29]} {[%emt
00:00:24]} c6 {[%clk 00:57:56]} {[%emt 00:01:00]} 30. Kh3 {[%clk 00:45:19]}
{[%emt 00:01:37]} Rf6 {[%clk 00:56:42]} {[%emt 00:01:46]} 31. Rg8 {[%clk
00:43:40]} {[%emt 00:02:08]} Nxf3 {[%clk 00:56:11]} {[%emt 00:00:36]} 32. Ra1
{[%clk 00:41:39]} {[%emt 00:02:55]} Nd2 {[%clk 00:56:21]} {[%emt 00:00:22]} 33.
Rb8 {[%clk 00:40:57]} {[%emt 00:01:12]} Nxb3 {[%clk 00:56:18]} {[%emt
00:00:33]} 34. Rb1 {[%clk 00:40:53]} {[%emt 00:00:33]} Nc5 {[%clk 00:56:11]}
{[%emt 00:00:37]} 35. f3 {[%clk 00:40:07]} {[%emt 00:01:17]} Rg6 {[%clk
00:54:46]} {[%emt 00:01:55]} 36. Rf1 {[%clk 00:38:17]} {[%emt 00:02:18]} Nb3
{[%emt 00:06:29]} 37. Rd1 {[%clk 00:28:31]} {[%emt 00:05:21]} e5 {[%clk
00:53:30]} {[%emt 00:00:44]} 38. Rxb7 {[%clk 00:25:56]} {[%emt 00:03:04]} Rg3+
{[%clk 00:53:23]} {[%emt 00:00:38]} 39. Kh2 {[%clk 00:26:18]} {[%emt 00:00:06]}
Rxf3 {[%clk 00:53:25]} {[%emt 00:00:30]} 40. Rxd6# {[%emt 00:00:16]} 1-0

[Event "DEM U10 2021"]
[Site "Willingen GER"]
[Date "2021.08.24"]
[Round "3"]
[White "Akcapinar, Timur"]
[Black "Fadeev, Justin Michael"]
[Result "0-1"]
[Termination "normal"]
[Board "19"]
[WhiteElo "1216"]
[BlackElo "1323"]
[WhiteClock "00:21:41"]
[BlackClock "00:41:50"]
[PlyCount "68"]
[WhiteFideId "16287509"]
[BlackFideId "34602968"]
[EventCountry "GER"]
[EventRounds "11"]
[EventType "swiss"]
[EventDate "2021.08.22"]

1. e4 {[%clk 01:15:58]} {[%emt 00:00:01]} c5 {[%clk 01:15:48]} {[%emt
00:00:13]} 2. Nf3 {[%clk 01:16:23]} {[%emt 00:00:05]} g6 {[%clk 01:15:54]}
{[%emt 00:00:23]} 3. d4 {[%clk 01:16:34]} {[%emt 00:00:20]} cxd4 {[%clk
01:16:00]} {[%emt 00:00:22]} 4. Nxd4 {[%clk 01:16:31]} {[%emt 00:00:34]} Nc6
{[%clk 01:15:48]} {[%emt 00:00:43]} 5. Nc3 {[%clk 01:16:51]} {[%emt 00:00:10]}
Bg7 {[%clk 01:16:00]} {[%emt 00:00:17]} 6. Be3 {[%clk 01:16:31]} {[%emt
00:00:50]} Nf6 {[%clk 01:16:01]} {[%emt 00:00:29]} 7. Bc4 {[%clk 01:13:36]}
{[%emt 00:03:24]} d6 {[%clk 01:14:39]} {[%emt 00:01:53]} 8. Nxc6 {[%clk
01:13:28]} {[%emt 00:00:38]} bxc6 {[%clk 01:14:53]} {[%emt 00:00:16]} 9. e5
{[%clk 01:12:42]} {[%emt 00:01:16]} dxe5 {[%clk 01:13:58]} {[%emt 00:01:24]}
10. Qxd8+ {[%clk 01:12:51]} {[%emt 00:00:22]} Kxd8 {[%clk 01:12:29]} {[%emt
00:01:59]} 11. O-O-O+ {[%clk 01:12:21]} {[%emt 00:01:01]} Kc7 {[%clk 01:11:49]}
{[%emt 00:01:09]} 12. Bc5 {[%emt 00:09:13]} Bf8 {[%clk 01:05:02]} {[%emt
00:06:18]} 13. Rhe1 {[%clk 01:03:46]} {[%emt 00:02:26]} Nd7 {[%clk 01:05:15]}
{[%emt 00:00:17]} 14. Be3 {[%clk 01:01:51]} {[%emt 00:02:25]} e6 {[%clk
01:03:28]} {[%emt 00:02:16]} 15. f4 {[%clk 01:00:57]} {[%emt 00:01:25]} Bg7
{[%clk 01:02:30]} {[%emt 00:01:27]} 16. fxe5 {[%clk 00:59:02]} {[%emt
00:02:26]} Bxe5 {[%clk 01:02:46]} {[%emt 00:00:15]} 17. g3 {[%clk 00:58:13]}
{[%emt 00:01:18]} Bg7 {[%clk 01:00:49]} {[%emt 00:02:26]} 18. Bf4+ {[%clk
00:54:20]} {[%emt 00:04:23]} e5 {[%clk 01:00:04]} {[%emt 00:01:15]} 19. Be3
{[%clk 00:52:41]} {[%emt 00:02:10]} f5 {[%clk 00:58:52]} {[%emt 00:01:42]} 20.
Bg5 {[%clk 00:50:20]} {[%emt 00:02:51]} e4 {[%clk 00:57:24]} {[%emt 00:01:58]}
21. Be7 {[%emt 00:03:57]} Be5 {[%clk 00:57:00]} {[%emt 00:00:50]} 22. Re2
{[%clk 00:41:04]} {[%emt 00:06:23]} Re8 {[%clk 00:56:04]} {[%emt 00:01:24]} 23.
Bb4 {[%clk 00:39:49]} {[%emt 00:01:47]} a5 {[%clk 00:55:00]} {[%emt 00:01:34]}
24. Ba3 {[%clk 00:38:20]} {[%emt 00:01:59]} Ba6 {[%clk 00:51:48]} {[%emt
00:03:42]} 25. Bxa6 {[%emt 00:01:16]} Rxa6 {[%clk 00:50:32]} {[%emt 00:01:39]}
26. Na4 {[%clk 00:36:23]} {[%emt 00:01:48]} Raa8 {[%clk 00:46:45]} {[%emt
00:04:18]} 27. Red2 {[%clk 00:35:39]} {[%emt 00:01:13]} Rad8 {[%clk 00:45:51]}
{[%emt 00:01:24]} 28. Bd6+ {[%clk 00:33:36]} {[%emt 00:02:33]} Bxd6 {[%clk
00:46:03]} {[%emt 00:00:18]} 29. Rxd6 {[%clk 00:34:01]} {[%emt 00:00:04]} e3
{[%clk 00:44:41]} {[%emt 00:01:53]} 30. R6d3 {[%clk 00:33:40]} {[%emt
00:00:50]} Re7 {[%clk 00:42:24]} {[%emt 00:02:48]} 31. Re1 {[%clk 00:30:13]}
{[%emt 00:03:49]} Rde8 {[%clk 00:41:31]} {[%emt 00:01:30]} 32. b3 {[%clk
00:21:33]} {[%emt 00:09:11]} Ne5 {[%clk 00:41:10]} {[%emt 00:00:50]} 33. Rdxe3
{[%clk 00:21:21]} {[%emt 00:00:42]} Nd3+ {[%clk 00:41:28]} {[%emt 00:00:12]}
34. Kd2 {[%clk 00:21:41]} {[%emt 00:00:10]} Nxe1 {[%clk 00:41:50]} {[%emt
00:00:09]} 0-1

[Event "DEM U10 2021"]
[Site "Willingen GER"]
[Date "2021.08.24"]
[Round "3"]
[White "Prashanthakumar, Arju"]
[Black "Nonnenmacher, Philipp"]
[Result "0-1"]
[Termination "normal"]
[Board "20"]
[WhiteElo "953"]
[BlackElo "1314"]
[WhiteClock "00:51:58"]
[BlackClock "00:47:14"]
[PlyCount "98"]
[WhiteFideId "34604065"]
[BlackFideId "34608869"]
[EventCountry "GER"]
[EventRounds "11"]
[EventType "swiss"]
[EventDate "2021.08.22"]

1. e4 {[%clk 01:15:58]} {[%emt 00:00:02]} e5 {[%clk 01:15:53]} {[%emt
00:00:07]} 2. Nf3 {[%clk 01:16:17]} {[%emt 00:00:11]} Nc6 {[%clk 01:16:11]}
{[%emt 00:00:12]} 3. Bc4 {[%clk 01:16:33]} {[%emt 00:00:13]} Bc5 {[%clk
01:16:10]} {[%emt 00:00:31]} 4. d3 {[%clk 01:16:35]} {[%emt 00:00:29]} d6
{[%clk 01:16:27]} {[%emt 00:00:12]} 5. h3 {[%clk 01:16:25]} h6 {[%clk
01:16:46]} {[%emt 00:00:52]} 6. Nc3 {[%clk 01:16:33]} Nf6 {[%clk 01:17:03]}
{[%emt 00:00:35]} 7. O-O {[%clk 01:16:27]} Be6 {[%clk 01:17:22]} {[%emt
00:00:46]} 8. Bb3 {[%clk 01:16:47]} Na5 {[%clk 01:17:28]} {[%emt 00:00:36]} 9.
Be3 {[%clk 01:16:29]} Nxb3 {[%clk 01:17:22]} {[%emt 00:01:23]} 10. axb3 {[%clk
01:16:47]} Bb6 {[%clk 01:17:17]} {[%emt 00:00:47]} 11. Qd2 {[%clk 01:16:40]}
O-O {[%clk 01:17:12]} {[%emt 00:01:11]} 12. Ne2 {[%clk 01:15:55]} Nh7 {[%clk
01:17:12]} 13. Ng3 {[%clk 01:15:50]} {[%emt 00:02:40]} Bxe3 {[%clk 01:16:33]}
{[%emt 00:00:50]} 14. fxe3 {[%clk 01:15:56]} {[%emt 00:00:24]} Ng5 {[%clk
01:15:05]} {[%emt 00:01:57]} 15. Qf2 {[%clk 01:15:19]} {[%emt 00:01:07]} a6
{[%clk 01:14:04]} {[%emt 00:01:31]} 16. Rae1 {[%clk 01:15:09]} {[%emt
00:00:40]} Nxf3+ {[%clk 01:14:05]} {[%emt 00:00:29]} 17. Qxf3 {[%clk 01:13:38]}
{[%emt 00:02:01]} Qg5 {[%clk 01:14:04]} {[%emt 00:00:30]} 18. Nf5 {[%clk
01:10:26]} g6 {[%clk 01:10:56]} {[%emt 00:07:21]} 19. h4 {[%clk 01:08:46]} Qd8
{[%clk 01:06:21]} {[%emt 00:06:55]} 20. Nxh6+ {[%clk 01:08:51]} Kg7 {[%clk
01:04:58]} {[%emt 00:02:37]} 21. Ng4 {[%clk 01:03:21]} Qxh4 {[%clk 01:04:02]}
{[%emt 00:07:27]} 22. Qf6+ {[%clk 01:03:16]} Qxf6 {[%clk 01:04:11]} {[%emt
00:00:53]} 23. Nxf6 {[%clk 01:03:35]} c6 {[%clk 01:03:30]} {[%emt 00:01:25]}
24. d4 {[%clk 01:03:09]} {[%emt 00:00:57]} Rh8 {[%clk 00:59:32]} {[%emt
00:04:26]} 25. d5 {[%clk 01:02:32]} {[%emt 00:01:09]} cxd5 {[%clk 00:59:41]}
{[%emt 00:00:20]} 26. Nxd5 {[%clk 01:02:43]} {[%emt 00:00:19]} Bxd5 {[%clk
00:58:34]} {[%emt 00:01:37]} 27. exd5 {[%emt 00:00:21]} Rac8 {[%clk 00:58:18]}
{[%emt 00:00:43]} 28. c3 {[%clk 01:03:10]} {[%emt 00:00:15]} Rc5 {[%clk
00:57:33]} {[%emt 00:01:14]} 29. e4 {[%clk 01:02:49]} {[%emt 00:00:53]} Rh5
{[%clk 00:54:35]} {[%emt 00:03:27]} 30. Re2 {[%clk 00:59:39]} {[%emt 00:03:37]}
f5 {[%clk 00:54:14]} {[%emt 00:00:54]} 31. c4 {[%clk 00:57:47]} {[%emt
00:02:22]} b5 {[%clk 00:52:32]} {[%emt 00:02:12]} 32. Rc1 {[%clk 00:57:16]}
{[%emt 00:01:01]} Rh4 {[%clk 00:52:11]} {[%emt 00:00:51]} 33. exf5 {[%clk
00:56:02]} {[%emt 00:01:44]} gxf5 {[%clk 00:49:48]} {[%emt 00:02:53]} 34. Rec2
{[%clk 00:56:07]} {[%emt 00:00:25]} Rd4 {[%clk 00:49:12]} {[%emt 00:01:06]} 35.
Kf2 {[%clk 00:55:25]} {[%emt 00:01:12]} Kf6 {[%clk 00:49:11]} {[%emt 00:00:29]}
36. Ra1 {[%clk 00:54:44]} {[%emt 00:01:13]} bxc4 {[%clk 00:48:50]} {[%emt
00:00:51]} 37. Rxa6 {[%clk 00:54:36]} {[%emt 00:00:39]} Ke7 {[%clk 00:48:02]}
{[%emt 00:01:17]} 38. Ra7+ {[%clk 00:54:01]} {[%emt 00:01:06]} Kd8 {[%clk
00:47:52]} {[%emt 00:00:37]} 39. bxc4 {[%clk 00:53:32]} {[%emt 00:01:01]} Rdxc4
{[%clk 00:48:02]} {[%emt 00:00:20]} 40. Rxc4 {[%clk 00:53:27]} {[%emt
00:00:34]} Rxc4 {[%clk 00:48:24]} {[%emt 00:00:08]} 41. Kf3 {[%clk 00:53:28]}
{[%emt 00:00:29]} Rc5 {[%clk 00:47:21]} {[%emt 00:01:34]} 42. Rf7 {[%clk
00:51:58]} {[%emt 00:02:00]} f4 {[%clk 00:47:27]} {[%emt 00:00:24]} 43. g3
{[%clk 00:52:00]} {[%emt 00:00:28]} fxg3 {[%clk 00:47:30]} {[%emt 00:00:27]}
44. Kxg3 {[%clk 00:52:18]} {[%emt 00:00:11]} Rxd5 {[%clk 00:47:32]} {[%emt
00:00:29]} 45. Rf8+ {[%clk 00:52:24]} {[%emt 00:00:24]} Kd7 {[%clk 00:47:16]}
{[%emt 00:00:46]} 46. Kf3 {[%clk 00:51:50]} {[%emt 00:01:02]} Rb5 {[%clk
00:47:09]} {[%emt 00:00:39]} 47. Ke4 {[%clk 00:51:55]} {[%emt 00:00:24]} Rxb2
{[%clk 00:47:23]} {[%emt 00:00:16]} 48. Rf6 {[%clk 00:51:51]} {[%emt 00:00:31]}
Rb4+ {[%clk 00:47:14]} {[%emt 00:00:42]} 49. Kd5 {[%clk 00:51:58]} {[%emt
00:00:24]} Rd4# {[%emt 00:00:10]} 0-1

[Event "DEM U10 2021"]
[Site "Willingen GER"]
[Date "2021.08.24"]
[Round "3"]
[White "Gavrylyuk, Oleksandr"]
[Black "Aweh, Mads"]
[Result "1-0"]
[Termination "normal"]
[Board "21"]
[WhiteElo "1151"]
[BlackElo "1452"]
[WhiteClock "00:58:59"]
[BlackClock "01:02:14"]
[PlyCount "115"]
[WhiteFideId "34609083"]
[BlackFideId "34604278"]
[EventCountry "GER"]
[EventRounds "11"]
[EventType "swiss"]
[EventDate "2021.08.22"]

1. d4 {[%clk 01:15:59]} {[%emt 11:35:00]} c5 {[%clk 01:15:29]} {[%emt
00:00:32]} 2. c3 {[%clk 01:16:13]} {[%emt 00:00:16]} e6 {[%clk 01:14:57]}
{[%emt 00:01:00]} 3. Bf4 {[%clk 01:16:13]} {[%emt 00:00:30]} Nf6 {[%clk
01:14:11]} {[%emt 00:01:17]} 4. Nf3 {[%clk 01:16:27]} {[%emt 00:00:17]} Nc6
{[%clk 01:13:53]} {[%emt 00:00:47]} 5. e3 {[%clk 01:16:41]} {[%emt 00:00:16]}
b6 {[%clk 01:13:14]} {[%emt 00:01:09]} 6. Nbd2 {[%clk 01:15:51]} {[%emt
00:01:18]} Bb7 {[%clk 01:13:25]} {[%emt 00:00:20]} 7. Be2 {[%clk 01:14:08]}
{[%emt 00:02:08]} Be7 {[%clk 01:12:29]} {[%emt 00:01:32]} 8. dxc5 {[%clk
01:13:08]} {[%emt 00:01:31]} Bxc5 {[%clk 01:10:32]} {[%emt 00:02:26]} 9. b4
{[%clk 01:12:08]} {[%emt 00:01:30]} Be7 {[%clk 01:09:39]} {[%emt 00:01:23]} 10.
Nc4 {[%clk 01:10:10]} {[%emt 00:02:27]} d5 {[%clk 01:07:59]} {[%emt 00:02:11]}
11. Nce5 {[%clk 01:09:31]} {[%emt 00:01:09]} Nh5 {[%clk 01:05:31]} {[%emt
00:02:58]} 12. Nxc6 {[%clk 01:08:10]} {[%emt 00:01:51]} Bxc6 {[%clk 01:05:45]}
{[%emt 00:00:16]} 13. Ne5 {[%clk 01:08:17]} {[%emt 00:00:23]} Nxf4 {[%clk
01:04:21]} {[%emt 00:01:55]} 14. Nxc6 {[%clk 01:08:16]} {[%emt 00:00:30]} Nxg2+
{[%clk 01:04:38]} {[%emt 00:00:12]} 15. Kf1 {[%clk 01:08:34]} {[%emt 00:00:10]}
Nxe3+ {[%clk 01:04:53]} {[%emt 00:00:18]} 16. fxe3 {[%clk 01:08:46]} {[%emt
00:00:18]} Qc7 {[%clk 01:04:49]} {[%emt 00:00:35]} 17. Bb5 {[%clk 01:07:52]}
{[%emt 00:01:23]} O-O {[%clk 01:04:26]} {[%emt 00:00:53]} 18. Nxe7+ {[%clk
01:07:30]} {[%emt 00:00:52]} Qxe7 {[%clk 01:04:47]} {[%emt 00:00:09]} 19. Ke2
{[%clk 01:03:29]} {[%emt 00:04:30]} a6 {[%clk 01:03:24]} {[%emt 00:01:54]} 20.
Bd3 {[%clk 01:01:53]} {[%emt 00:02:06]} b5 {[%clk 01:02:55]} {[%emt 00:01:00]}
21. Kd2 {[%clk 01:00:50]} {[%emt 00:01:32]} Rac8 {[%clk 01:02:36]} {[%emt
00:00:49]} 22. Rg1 {[%clk 01:00:16]} {[%emt 00:00:59]} Qf6 {[%clk 01:01:18]}
{[%emt 00:01:53]} 23. Rc1 {[%clk 01:00:00]} {[%emt 00:00:42]} Rc7 {[%clk
01:00:16]} {[%emt 00:01:36]} 24. Qf1 {[%clk 00:59:04]} {[%emt 00:01:25]} Qxf1
{[%clk 00:58:28]} {[%emt 00:02:18]} 25. Rgxf1 {[%clk 00:57:44]} {[%emt
00:01:50]} f5 {[%clk 00:57:59]} {[%emt 00:01:00]} 26. h4 {[%clk 00:56:42]}
{[%emt 00:01:32]} Rf6 {[%clk 00:57:15]} {[%emt 00:01:14]} 27. Ra1 {[%clk
00:56:20]} {[%emt 00:00:51]} g6 {[%clk 00:56:50]} {[%emt 00:00:56]} 28. a4
{[%clk 00:56:21]} {[%emt 00:00:29]} e5 {[%clk 00:56:30]} {[%emt 00:00:49]} 29.
axb5 {[%clk 00:56:42]} {[%emt 00:00:10]} axb5 {[%clk 00:56:52]} {[%emt
00:00:08]} 30. Bxb5 {[%clk 00:56:52]} {[%emt 00:00:19]} e4 {[%clk 00:56:49]}
{[%emt 00:00:33]} 31. Ra8+ {[%clk 00:55:05]} {[%emt 00:02:17]} Kf7 {[%clk
00:55:55]} {[%emt 00:01:04]} 32. Ra6 {[%clk 00:55:21]} {[%emt 00:00:34]} Rxa6
{[%clk 00:56:06]} {[%emt 00:00:21]} 33. Bxa6 {[%clk 00:55:35]} {[%emt
00:00:15]} Ra7 {[%clk 00:56:33]} {[%emt 00:00:03]} 34. b5 {[%clk 00:55:37]}
{[%emt 00:00:28]} Kf6 {[%clk 00:56:07]} {[%emt 00:00:56]} 35. Rb1 {[%clk
00:55:31]} {[%emt 00:00:35]} Ke7 {[%clk 00:55:41]} {[%emt 00:00:56]} 36. b6
{[%clk 00:54:07]} {[%emt 00:01:55]} Ra8 {[%clk 00:55:24]} {[%emt 00:00:46]} 37.
b7 {[%clk 00:54:11]} {[%emt 00:00:27]} Rb8 {[%clk 00:55:47]} {[%emt 00:00:07]}
38. c4 {[%clk 00:54:29]} {[%emt 00:00:12]} dxc4 {[%clk 00:55:54]} {[%emt
00:00:23]} 39. Bxc4 {[%clk 00:54:49]} {[%emt 00:00:10]} h6 {[%clk 00:56:12]}
{[%emt 00:00:13]} 40. Kc3 {[%clk 00:54:56]} {[%emt 00:00:22]} g5 {[%clk
00:56:26]} {[%emt 00:00:16]} 41. hxg5 {[%emt 00:00:06]} hxg5 {[%emt 00:00:09]}
42. Bd5 {[%clk 00:54:30]} {[%emt 00:00:41]} Kd6 {[%clk 00:56:49]} {[%emt
00:00:08]} 43. Kd4 {[%clk 00:54:52]} {[%emt 00:00:07]} f4 {[%clk 00:56:45]}
{[%emt 00:00:35]} 44. exf4 {[%clk 00:55:00]} {[%emt 00:00:22]} gxf4 {[%clk
00:57:04]} {[%emt 00:00:10]} 45. Bxe4 {[%clk 00:55:12]} {[%emt 00:00:17]} Rxb7
{[%clk 00:57:21]} {[%emt 00:00:15]} 46. Rxb7 {[%clk 00:55:32]} {[%emt
00:00:10]} Ke6 {[%clk 00:57:48]} {[%emt 00:00:02]} 47. Rb6+ {[%clk 00:55:46]}
{[%emt 00:00:16]} Kf7 {[%clk 00:58:12]} {[%emt 00:00:06]} 48. Ke5 {[%clk
00:56:01]} {[%emt 00:00:13]} f3 {[%clk 00:58:36]} {[%emt 00:00:08]} 49. Rb7+
{[%clk 00:56:13]} {[%emt 00:00:18]} Ke8 {[%clk 00:59:17]} {[%emt 00:01:25]} 50.
Bxf3 {[%clk 00:57:51]} {[%emt 00:00:50]} Kd8 {[%clk 00:59:39]} {[%emt
00:00:09]} 51. Kd6 {[%clk 00:57:57]} {[%emt 00:00:24]} Ke8 {[%clk 00:59:55]}
{[%emt 00:00:14]} 52. Bd5 {[%clk 00:58:05]} {[%emt 00:00:20]} Kf8 {[%clk
01:00:14]} {[%emt 00:00:14]} 53. Ke6 {[%clk 00:58:02]} {[%emt 00:00:32]} Kg8
{[%clk 01:00:37]} {[%emt 00:00:06]} 54. Kf6+ {[%clk 00:58:22]} {[%emt
00:00:11]} Kh8 {[%clk 01:01:00]} {[%emt 00:00:08]} 55. Bh1 {[%clk 00:58:18]}
{[%emt 00:00:33]} Kg8 {[%clk 01:01:24]} {[%emt 00:00:05]} 56. Ra7 {[%clk
00:58:36]} {[%emt 00:00:13]} Kh8 {[%clk 01:01:48]} {[%emt 00:00:05]} 57. Kg6
{[%clk 00:58:59]} {[%emt 00:00:07]} Kg8 {[%clk 01:02:14]} {[%emt 00:00:05]} 58.
Ra8# {[%emt 00:00:06]} 1-0

[Event "DEM U10 2021"]
[Site "Willingen GER"]
[Date "2021.08.24"]
[Round "3"]
[White "Fettig, Michel"]
[Black "Burban, Bogdan"]
[Result "1/2-1/2"]
[Termination "normal"]
[Board "22"]
[WhiteElo "1297"]
[BlackElo "1062"]
[WhiteClock "00:49:55"]
[BlackClock "00:49:18"]
[PlyCount "40"]
[WhiteFideId "34608982"]
[BlackFideId "34609040"]
[EventCountry "GER"]
[EventRounds "11"]
[EventType "swiss"]
[EventDate "2021.08.22"]

1. c4 {[%clk 01:15:58]} {[%emt 00:00:02]} Nf6 {[%clk 01:15:51]} {[%emt
00:00:09]} 2. g3 {[%clk 01:16:25]} {[%emt 00:00:03]} c6 {[%clk 01:15:28]}
{[%emt 00:00:53]} 3. Bg2 {[%clk 01:16:45]} {[%emt 00:00:09]} d5 {[%clk
01:15:10]} {[%emt 00:00:49]} 4. d4 {[%emt 00:01:18]} dxc4 {[%clk 01:13:51]}
{[%emt 00:01:45]} 5. e4 {[%clk 01:15:33]} {[%emt 00:00:57]} Nbd7 {[%clk
01:08:40]} {[%emt 00:05:41]} 6. Nc3 {[%clk 01:14:24]} {[%emt 00:01:39]} Nb6
{[%clk 01:08:17]} {[%emt 00:00:54]} 7. Nge2 {[%clk 01:13:23]} {[%emt 00:01:29]}
e6 {[%clk 01:06:08]} {[%emt 00:02:40]} 8. Bg5 {[%clk 01:11:48]} {[%emt
00:02:05]} h6 {[%clk 01:05:03]} {[%emt 00:01:35]} 9. Bf4 {[%clk 01:11:20]}
{[%emt 00:00:59]} Be7 {[%clk 01:03:41]} {[%emt 00:01:51]} 10. O-O {[%clk
01:10:43]} {[%emt 00:01:04]} O-O {[%clk 01:03:42]} {[%emt 00:00:32]} 11. Na4
{[%clk 01:05:38]} {[%emt 00:05:35]} Nxa4 {[%clk 01:01:02]} {[%emt 00:03:11]}
12. Qxa4 {[%clk 01:04:30]} {[%emt 00:01:36]} b5 {[%clk 01:00:13]} {[%emt
00:01:21]} 13. Qd1 {[%clk 01:02:59]} {[%emt 00:01:59]} a5 {[%clk 00:56:50]}
{[%emt 00:03:55]} 14. a4 {[%clk 00:57:19]} {[%emt 00:06:09]} b4 {[%clk
00:53:15]} {[%emt 00:04:05]} 15. Rc1 {[%clk 00:56:18]} {[%emt 00:01:31]} Ba6
{[%clk 00:52:25]} {[%emt 00:01:21]} 16. Re1 {[%clk 00:54:18]} {[%emt 00:02:28]}
Qb6 {[%clk 00:50:48]} {[%emt 00:02:08]} 17. Be3 {[%clk 00:50:40]} {[%emt
00:04:09]} Qc7 {[%clk 00:49:18]} {[%emt 00:02:00]} 18. Bf4 {[%clk 00:49:55]}
{[%emt 00:01:14]} Qb6 {[%emt 00:07:02]} 19. Be3 Qc7 20. Bf4 Qb6 {[%emt
00:00:19]} 1/2-1/2